000 00205 a2200097 4500
001 30496
100 _aVallins, G H
245 _aGood English
260 _aLondon
_bPan Book Ltd
_c
090 _c20430
_d20430
942 _aNUST-CAE
_cM
_c11593
999 _c265569
_d265569